01136nam a2200277 a 4500001001000000003000900010005001700019008004100036020001500077040003000092082002100122245016100143260003800304300002100342500005600363650005000419650005300469650005900522651005000581700002400631700002200655700003600677700001800713710004900731710007800780000043514DO-SdBNP20250621074009.0140321s2006 dr ad 000 0 spa d a9945412175 aDO-SdBNPbspacBNPHUerda 4a321.8bC581d22200aCiudadanía y democracia en la República Dominicana :binforme sobre la encuesta de opinión pública nacional 2004 /cCarlos Dore Cabral ... [et al.]. aSanto Domingo :bFUNGLODE,c2006. a103 p. ;c28 cm. aIncluye bibliografía y notas al pie de páginas. 4aDemocraciazRepública DominicanavEncuestas 4aCiudadaníazRepública DominicanavEncuestas  4aOpinión públicaxRepública dominicanavEncuestas 0aRepública DominicanaxPolítica y gobierno12aDore Cabral, Carlos12aArtiles, Leopoldo12aCáceres Ureña, Francisco I.12aOrtega, Pedro2 aFundación Global Democracía y Desarrollo2 aRepública Dominicana.bInstituto Nacional de Opinión Pública (INOP)